[Event "Titled Tuesday intern op 12th Sep Early"]
[Site "Chess.com INT"]
[Date "2023.09.12"]
[Round "11"]
[White "Vovk, Orest"]
[Black "Hasangatin, Ramil"]
[Result "1-0"]
[WhiteElo "2315"]
[BlackElo "2444"]
[PlyCount "155"]
[EventDate "2023.09.12"]
[EventType "swiss (blitz)"]
[EventRounds "11"]
[EventCountry "USA"]
[SourceTitle "EXT 2024"]
[Source "ChessBase"]
[SourceDate "2023.10.10"]
[SourceVersion "1"]
[SourceVersionDate "2023.10.10"]
[SourceQuality "1"]

1. g4 d5 2. h3 c5 3. Bg2 Nc6 4. c4 d4 5. Bxc6+ bxc6 6. d3 e5 7. Qa4 Bd7 8. Nf3 Bd6 9. Nbd2 Nf6 10. g5 Nh5 11. Ne4 Qc7 12. Nxd6+ Qxd6 13. Qa5 0-0 14. Nd2 f5 15. gxf6 Nxf6 16. f3 Bf5 17. b3 Nd7 18. Ba3 Rf6 19. 0-0-0 Rg6 20. Rdg1 h6 21. Rxg6 Qxg6 22. Bxc5 Qg2 23. Re1 Bxh3 24. Ne4 Bf5 25. Qc7 Kh8 26. Qxc6 Rg8 27. Nd6 Qg6 28. Qd5 Be6 29. Qc6 Kh7 30. Ne4 a5 31. Be7 Qf7 32. Ba3 Kh8 33. Rh1 Qg6 34. Kd1 Re8 35. Nd6 Rf8 36. Ne4 Rf4 37. Bd6 Bf5 38. Qc8+ Kh7 39. Qc7 Bxe4 40. fxe4 Rf7 41. Bxe5 Qg2 42. Re1 a4 43. Bxd4 axb3 44. axb3 Qg6 45. Qa7 Qd6 46. Bc3 Qe6 47. Qd4 Nf6 48. Kc2 Qa6 49. Kb2 Ra7 50. Kc2 Qa2+ 51. Bb2 Rb7 52. e5 Qxb3+ 53. Kc1 Ng4 54. Qe4+ Kh8 55. Qd4 Ne3 56. Kd2 Ng2 57. Rg1 Nf4 58. Ke3 Qxb2 59. Qxb2 Rxb2 60. Kxf4 Rxe2 61. d4 Rf2+ 62. Ke4 g5 63. Kd5 Kg7 64. c5 Kg6 65. c6 g4 66. c7 Rc2 67. Rxg4+ Kf5 68. Rg8 Rxc7 69. Kd6 Ra7 70. e6 Ra6+ 71. Kd7 Rxe6 72. Rf8+ Rf6 73. Rxf6+ Kxf6 74. d5 h5 75. d6 h4 76. Kc7 h3 77. d7 h2 78. d8Q+ 1-0

[Event "Kerkinitida Cup Blitz"]
[Site "Evpatoria"]
[Date "2023.09.03"]
[Round "3"]
[White "Hasangatin, Ramil"]
[Black "Vasilevich, Tatjana"]
[Result "0-1"]
[WhiteElo "2444"]
[BlackElo "2302"]
[PlyCount "101"]
[EventDate "2023.09.03"]
[EventType "swiss (blitz)"]
[EventRounds "13"]
[EventCountry "UKR"]
[SourceTitle "EXT 2024"]
[Source "ChessBase"]
[SourceDate "2023.10.10"]
[SourceVersion "1"]
[SourceVersionDate "2023.10.10"]
[SourceQuality "1"]

1. d4 Nf6 2. Nc3 d5 3. Bg5 Nbd7 4. Nf3 e6 5. e4 dxe4 6. Nxe4 Be7 7. Nxf6+ Nxf6 8. Bd3 h6 9. Bh4 Nd5 10. Bg3 0-0 11. Qe2 c5 12. dxc5 Bxc5 13. 0-0 Bd7 14. Ne5 Rc8 15. c3 Qe7 16. Rad1 Rfd8 17. Nxd7 Rxd7 18. Bb5 Rdd8 19. Rd2 a6 20. Ba4 Nb6 21. Bb3 Rxd2 22. Qxd2 Rd8 23. Qe2 Qg5 24. Rd1 Rxd1+ 25. Qxd1 h5 26. Bc7 Nd5 27. Bxd5 Qxd5 28. Qxd5 exd5 29. Kf1 Kf8 30. Ke2 Ke7 31. f3 Ke6 32. Kd3 g6 33. h3 Ba7 34. g4 Bf2 35. Bf4 Bg1 36. Be3 Bh2 37. Bd4 Bd6 38. a4 Bc7 39. b3 Bd6 40. c4 dxc4+ 41. Kxc4 Bb8 42. b4 Bd6 43. Bc3 Be7 44. b5 axb5+ 45. Kxb5 Kd7 46. Kb6 Kc8 47. Be5 Bh4 48. Kc5 Kd7 49. Kd5 Bf2 50. Bc3 Be3 51. g5 0-1

[Event "Kerkinitida Cup Blitz"]
[Site "Evpatoria"]
[Date "2023.09.03"]
[Round "7"]
[White "Hasangatin, Ramil"]
[Black "Vastrukhin, Oleg"]
[Result "1/2-1/2"]
[WhiteElo "2444"]
[BlackElo "2343"]
[PlyCount "110"]
[EventDate "2023.09.03"]
[EventType "swiss (blitz)"]
[EventRounds "13"]
[EventCountry "UKR"]
[SourceTitle "EXT 2024"]
[Source "ChessBase"]
[SourceDate "2023.10.10"]
[SourceVersion "1"]
[SourceVersionDate "2023.10.10"]
[SourceQuality "1"]

1. e4 g6 2. d4 Bg7 3. Nf3 c6 4. c3 d5 5. Nbd2 dxe4 6. Nxe4 Nf6 7. Nxf6+ exf6 8. Bc4 0-0 9. 0-0 a5 10. a4 Nd7 11. Re1 Nb6 12. Bb3 Nd5 13. Nd2 Be6 14. Ne4 b6 15. Bd2 Re8 16. Bc2 Ra7 17. Qf3 h6 18. h3 f5 19. Ng3 Rae7 20. Nf1 Qd6 21. Rad1 c5 22. dxc5 Qxc5 23. Bd3 Nf6 24. Be3 Qc7 25. Bb5 Rc8 26. Qf4 Bb3 27. Qxc7 Rcxc7 28. Rd8+ Kh7 29. Nd2 Bd5 30. Rd1 Bc6 31. Bxb6 Rb7 32. Bxa5 Bxb5 33. axb5 Rxb5 34. b4 Ne4 35. c4 Nc3 36. cxb5 Nxd1 37. Nf3 Nb2 38. b6 Rb7 39. Rc8 Na4 40. Rc7 Rb8 41. b7 g5 42. Rxf7 Kg6 43. Rd7 f4 44. b5 Bf6 45. Bb4 Nb6 46. Rd6 Rxb7 47. Bc3 Nd7 48. Ne5+ Kf5 49. Rxd7 Rxb5 50. Rf7 Ke6 51. Rf8 Bxe5 52. Re8+ Kf5 53. Bxe5 Rxe5 54. Rf8+ Kg6 55. Ra8 Re6 1/2-1/2

[Event "Kerkinitida Cup Blitz"]
[Site "Evpatoria"]
[Date "2023.09.03"]
[Round "10"]
[White "Ledakov, Alexandr"]
[Black "Hasangatin, Ramil"]
[Result "0-1"]
[WhiteElo "2288"]
[BlackElo "2444"]
[PlyCount "129"]
[EventDate "2023.09.03"]
[EventType "swiss (blitz)"]
[EventRounds "13"]
[EventCountry "UKR"]
[SourceTitle "EXT 2024"]
[Source "ChessBase"]
[SourceDate "2023.10.10"]
[SourceVersion "1"]
[SourceVersionDate "2023.10.10"]
[SourceQuality "1"]

1. d4 d5 2. Nf3 Nf6 3. Bg5 Ne4 4. Bf4 c5 5. c3 Nc6 6. e3 Qb6 7. Qb3 Bf5 8. Nbd2 e6 9. Be2 c4 10. Qxb6 axb6 11. a3 h6 12. h3 b5 13. Rc1 Kd7 14. 0-0 g5 15. Bh2 Rg8 16. Nxe4 Bxe4 17. Nd2 Bg6 18. Rfe1 f6 19. Bf3 f5 20. g4 Bd6 21. Bxd6 Kxd6 22. Kg2 Raf8 23. Rh1 e5 24. dxe5+ Nxe5 25. Be2 f4 26. exf4 Rxf4 27. Rcd1 Rgf8 28. f3 Bd3 29. Rhe1 Bxe2 30. Rxe2 Nd3 31. b3 R4f7 32. Kg3 Kc5 33. a4 bxa4 34. bxc4 dxc4 35. Re6 b5 36. Rb1 Rb8 37. Ne4+ Kd5 38. Rd6+ Ke5 39. Rxh6 a3 40. Rg6 a2 41. Rxg5+ Ke6 42. Ra1 Ra7 43. Rg6+ Kf7 44. Rf6+ Kg7 45. Rc6 Ne5 46. Rc5 Nd3 47. Rg5+ Kf7 48. Nd6+ Ke6 49. Rxb5 Rxb5 50. Nxb5 Ra5 51. Nd4+ Kd5 52. Nc2 Kc5 53. h4 Nc1 54. Nb4 Ne2+ 55. Kf2 Nxc3 56. Nc2 Rb5 57. Ke3 Rb2 58. Kd2 Nd5 59. Kc1 c3 60. h5 Nb4 61. Ne3 Rh2 62. Nd1 Kc4 63. Ne3+ Kd3 64. Nd1 Rh1 65. Rxa2 0-1

[Event "Kerkinitida Cup Rapid"]
[Site "Evpatoria"]
[Date "2023.09.02"]
[Round "11"]
[White "Hasangatin, Ramil"]
[Black "Khripachenko, Alexander"]
[Result "0-1"]
[WhiteElo "2444"]
[BlackElo "2158"]
[PlyCount "94"]
[EventDate "2023.08.31"]
[EventType "swiss (rapid)"]
[EventRounds "11"]
[EventCountry "UKR"]
[SourceTitle "EXT 2024"]
[Source "ChessBase"]
[SourceDate "2023.10.10"]
[SourceVersion "1"]
[SourceVersionDate "2023.10.10"]
[SourceQuality "1"]

1. c4 e6 2. Nc3 d5 3. cxd5 exd5 4. d4 c6 5. Nf3 Bf5 6. Bg5 Be7 7. Bxe7 Nxe7 8. e3 0-0 9. Bd3 Nd7 10. 0-0 Re8 11. Qc2 Bxd3 12. Qxd3 a5 13. Na4 Nc8 14. Nc5 Nd6 15. Qc2 Nxc5 16. dxc5 Ne4 17. Rac1 Qf6 18. b3 h5 19. a3 h4 20. h3 g6 21. Qd3 g5 22. Qd4 Qf5 23. Nh2 Qg6 24. Rfe1 f5 25. f3 Ng3 26. Nf1 Re6 27. Nxg3 hxg3 28. Re2 Rae8 29. Rce1 Qg7 30. Kf1 Qe7 31. Kg1 Re5 32. b4 axb4 33. axb4 Ra8 34. Kf1 Qe6 35. Kg1 Ra3 36. Kf1 Rb3 37. h4 f4 38. hxg5 fxe3 39. Qf4 Ra3 40. g6 Kg7 41. Qxg3 d4 42. Qh4 d3 43. Qh7+ Kf6 44. g7 dxe2+ 45. Kg1 Rg5 46. Qh4 Qd5 47. f4 Qxg2# 0-1

[Event "Kerkinitida Cup Rapid"]
[Site "Evpatoria"]
[Date "2023.09.02"]
[Round "10"]
[White "Zakaryan, David"]
[Black "Hasangatin, Ramil"]
[Result "1/2-1/2"]
[WhiteElo "2296"]
[BlackElo "2444"]
[PlyCount "171"]
[EventDate "2023.08.31"]
[EventType "swiss (rapid)"]
[EventRounds "11"]
[EventCountry "UKR"]
[SourceTitle "EXT 2024"]
[Source "ChessBase"]
[SourceDate "2023.10.10"]
[SourceVersion "1"]
[SourceVersionDate "2023.10.10"]
[SourceQuality "1"]

1. e4 c5 2. Nf3 e6 3. d4 cxd4 4. Nxd4 Nf6 5. Nc3 Nc6 6. a3 Qc7 7. Be3 a6 8. f4 d6 9. Nxc6 Qxc6 10. Bd3 b5 11. Qe2 Rb8 12. 0-0 Be7 13. e5 Nd7 14. Ba7 Ra8 15. Bd4 Bb7 16. Be4 d5 17. Bd3 g6 18. b4 Bd8 19. a4 Bb6 20. Qf2 bxa4 21. Nxa4 Bxd4 22. Qxd4 0-0 23. Ra3 Rfc8 24. Rfa1 Qc7 25. Rc3 Qd8 26. g3 Rxc3 27. Nxc3 Qc7 28. Na4 Rc8 29. h4 h5 30. Kh2 Kg7 31. Kh3 Qc6 32. Ra3 Qc7 33. Rc3 Qd8 34. Ra3 Qc7 35. Ra1 Qc6 36. Ra3 Qc7 37. Kh2 Qb8 38. Kg1 Qc7 39. Kf1 Qb8 40. Ke1 Qc7 41. Kd1 Qb8 42. Kd2 Qc7 43. Rc3 Qb8 44. Rxc8 Qxc8 45. Nb6 Nxb6 46. Qxb6 Kg8 47. Ke3 Kg7 48. Kd4 Kg8 49. c3 Kg7 50. Qc5 Qd7 51. Qa5 Qc8 52. Qb6 Kg8 53. Qc5 Qd7 54. Ke3 Kg7 55. Kd2 Kg8 56. Kc1 Kg7 57. Kb2 Kg8 58. Ka3 Kg7 59. Kb2 Kg8 60. Kc1 Kg7 61. Kd2 Kg8 62. Ke3 Kg7 63. Kd4 Kg8 64. Bc2 Kg7 65. Bd1 Kg8 66. Qb6 Qc8 67. Bb3 Kg7 68. Qc5 Qd7 69. Ke3 Bc6 70. Bc2 Bb5 71. Bd3 Bxd3 72. Kxd3 Qa4 73. Kd2 Qa2+ 74. Kc1 Qa1+ 75. Kc2 Qa2+ 76. Kc1 Qe2 77. Qe7 Qe1+ 78. Kc2 Qxg3 79. Qf6+ Kg8 80. Qd8+ Kh7 81. Qf6 Kg8 82. Qd8+ Kg7 83. Qf6+ Kg8 84. Qd8+ Kh7 85. Qf6 Kg8 86. Qd8+ 1/2-1/2

[Event "Kerkinitida Cup Rapid"]
[Site "Evpatoria"]
[Date "2023.09.01"]
[Round "6"]
[White "Bimiev, Ahmad"]
[Black "Hasangatin, Ramil"]
[Result "1/2-1/2"]
[WhiteElo "2230"]
[BlackElo "2444"]
[PlyCount "67"]
[EventDate "2023.08.31"]
[EventType "swiss (rapid)"]
[EventRounds "11"]
[EventCountry "UKR"]
[SourceTitle "EXT 2024"]
[Source "ChessBase"]
[SourceDate "2023.10.10"]
[SourceVersion "1"]
[SourceVersionDate "2023.10.10"]
[SourceQuality "1"]

1. c4 c6 2. Nf3 d5 3. b3 Bf5 4. Bb2 e6 5. e3 Nd7 6. Be2 h6 7. 0-0 Ngf6 8. Nc3 Bh7 9. d4 Bb4 10. Ne5 Nxe5 11. dxe5 Ne4 12. Nxe4 Bxe4 13. f3 Bg6 14. cxd5 Qxd5 15. Bc4 Qxd1 16. Rfxd1 Rd8 17. e4 Bc5+ 18. Kf1 Ke7 19. Bc3 Rxd1+ 20. Rxd1 Rd8 21. Rxd8 Kxd8 22. Ke2 Ke7 23. Bd3 f5 24. exf6+ gxf6 25. e5 f5 26. g4 Kf7 27. Bd2 fxg4 28. fxg4 h5 29. h3 Bd4 30. Bf4 Bb2 31. Bxg6+ Kxg6 32. Kd3 Ba3 33. Be3 b6 34. Ke4 1/2-1/2

[Event "Kerkinitida Cup Rapid"]
[Site "Evpatoria"]
[Date "2023.09.01"]
[Round "5"]
[White "Hasangatin, Ramil"]
[Black "Mukhtarova, Viktoriya"]
[Result "1-0"]
[WhiteElo "2444"]
[BlackElo "1978"]
[PlyCount "43"]
[EventDate "2023.08.31"]
[EventType "swiss (rapid)"]
[EventRounds "11"]
[EventCountry "UKR"]
[SourceTitle "EXT 2024"]
[Source "ChessBase"]
[SourceDate "2023.10.10"]
[SourceVersion "1"]
[SourceVersionDate "2023.10.10"]
[SourceQuality "1"]

1. d4 Nf6 2. Nc3 g6 3. e4 d6 4. h3 Bg7 5. Be3 0-0 6. g4 e5 7. Bg2 Nbd7 8. Nge2 exd4 9. Bxd4 Qe7 10. 0-0 a6 11. Ng3 c5 12. Be3 Ne5 13. Bg5 Be6 14. f4 Ned7 15. Qd3 Nb6 16. e5 dxe5 17. fxe5 Bc4 18. exf6 Qe6 19. Qe4 Bxf1 20. Qxe6 fxe6 21. fxg7 Kxg7 22. Rxf1 1-0

[Event "Yalta Yialos blitz op"]
[Site "Yalta"]
[Date "2023.08.28"]
[Round "12"]
[White "Hasangatin, Ramil"]
[Black "Alexeev, Alexey"]
[Result "1-0"]
[WhiteElo "2444"]
[BlackElo "2224"]
[PlyCount "75"]
[EventDate "2023.08.28"]
[EventType "swiss (blitz)"]
[EventRounds "13"]
[EventCountry "UKR"]
[SourceTitle "EXT 2024"]
[Source "ChessBase"]
[SourceDate "2023.10.10"]
[SourceVersion "1"]
[SourceVersionDate "2023.10.10"]
[SourceQuality "1"]

1. e4 e6 2. d3 d5 3. Qe2 Nf6 4. g3 Be7 5. Nf3 c5 6. Bg2 Nc6 7. e5 Nd7 8. c4 dxc4 9. dxc4 Qc7 10. Bf4 g5 11. Nxg5 Nd4 12. Qe4 Bxg5 13. Bxg5 Qxe5 14. Qxe5 Nxe5 15. Bf6 Nc2+ 16. Kd1 Nxa1 17. Bxh8 Nxc4 18. b3 Nxb3 19. axb3 Na5 20. Nd2 Bd7 21. Bf6 Rc8 22. Kc2 Nc6 23. Kc3 b5 24. Bxc6 Bxc6 25. Ra1 Rc7 26. Ra6 Bd5 27. b4 Kd7 28. Be5 cxb4+ 29. Kxb4 Rc2 30. Rxa7+ Kd8 31. Bc3 e5 32. g4 f6 33. Rxh7 Rc1 34. h4 Rg1 35. f3 Rg3 36. h5 Bxf3 37. Nxf3 Rxf3 38. h6 1-0